Countries that visit Uzbekistan the most - Statistics

General Stats
  • This quiz has been taken 43 times
  • The average score is 12 of 14
Answer Stats
Tourists Countries % Correct
1.551.100 Kazakhstan
100%
5.400 China
98%
10.500 United Kingdom
98%
1.447.800 Tajikistan
95%
567.700 Turkmenistan
95%
16.800 India
93%
13.100 United States
90%
75.600 Turkey
85%
8.800 Italy
83%
11.000 France
80%
6.300 Spain
80%
17.700 Germany
78%
10.400 Azerbaijan
73%
19.900 South Korea
66%
No matching quizzes found
Score Distribution
Percent of People with Each Score
Percentile by Number Answered
Your Score History
You have not taken this quiz